Электронные регуляторы напряжения для автомобилей

Библиографические подробности
Главный автор: Ковалев В. Г. Венедикт Григорьевич
Язык:русский
Опубликовано: Москва, Энергия, 1978
Издание:2-е изд., перераб. и доп.
Серии:Массовая радиобиблиотека Вып. 982
Предметы:
Формат: Книга
Запись в KOHA:https://koha.lib.tpu.ru/cgi-bin/koha/opac-detail.pl?biblionumber=371282

MARC

LEADER 00000nam0a2200000 4500
001 371282
005 20231102012349.0
035 |a (RuTPU)RU\TPU\retro\28692 
090 |a 371282 
100 |a 20221007d1978 m y0rusy50 ca 
101 0 |a rus 
102 |a RU 
105 |a a z 000zy 
200 1 |a Электронные регуляторы напряжения для автомобилей  |f В. Г. Ковалев 
205 |a 2-е изд., перераб. и доп. 
210 |a Москва  |c Энергия  |d 1978 
215 |a 72 с.  |c ил. 
225 1 |a Массовая радиобиблиотека  |v Вып. 982 
606 1 |a Автомобили  |x Электрооборудование  |2 stltpush  |3 (RuTPU)RU\TPU\subj\1045  |9 29840 
610 1 |a авторегуляторы 
610 1 |a регуляторы напряжения 
610 1 |a электронные регуляторы 
610 1 |a элероны 
610 1 |a практические схемы 
610 1 |a изготовление 
610 1 |a регулировка 
675 |a 629.113.06  |v 4 
700 1 |a Ковалев  |b В. Г.  |g Венедикт Григорьевич 
801 1 |a RU  |b 63413507  |c 20221007 
942 |c BK